000 00870nam a22001935i 4500
001 178732
003 ES-MaACL
005 20230906220607.0
008 110613s1974 sp o |||| | spa d
080 _a617.7-001.17
100 1 _aRibas Montobbio, Juan Bautista.
_9147179
245 1 0 _aTratamiento de las quemaduras químicas corneo-conjuntivales
_b: estudio experimental /
_cresumen de la tesis presentada para aspirar al grado de doctor en medicina por Juan Bta. Ribas Montobbio.
260 _aBarcelona :
_bUniversidad de Barcelona, Secretariado de Publicaciones, Intercambio Científico y Extensión Universitaria :
_b[Ivern],
_c1974.
300 _a33 p. :
_bfot. bl. y n. ;
_c24 cm.
500 _aCub. tomada como port.
650 4 _aOjos-
_xQuemaduras.
_9147180
710 2 _aUniversidad de Barcelona.
_97141
852 _aES-MaACL
_jE-15361 (135)
_xOlim P-1374
999 _c178732
_d178732